[Event "Mosty u Jablunkova op 20th"]
[Site "Mosty u Jablunkova"]
[Date "2023.05.27"]
[Round "2"]
[White "Potomak, Vladimir"]
[Black "Plat, Vojtech"]
[Result "0-1"]
[WhiteElo "1946"]
[BlackElo "2558"]
[PlyCount "124"]
[EventDate "2023.05.27"]
[EventType "swiss (rapid)"]
[EventRounds "9"]
[EventCountry "CZE"]
[SourceTitle "EXT 2024"]
[Source "ChessBase"]
[SourceDate "2023.10.10"]
[SourceVersion "1"]
[SourceVersionDate "2023.10.10"]
[SourceQuality "1"]

1. c4 e5 2. Nc3 Nf6 3. g3 d6 4. Bg2 c6 5. Nf3 Be7 6. 0-0 0-0 7. e4 a5 8. h3 Nbd7 9. d4 Re8 10. Re1 Bf8 11. Be3 exd4 12. Nxd4 Nc5 13. Qc2 a4 14. b4 axb3 15. axb3 Rxa1 16. Rxa1 g6 17. Rd1 Qe7 18. f3 Bg7 19. Bf2 Nh5 20. Nde2 f5 21. b4 Na6 22. Qb3 Nf6 23. exf5 Bxf5 24. Nd4 Bd7 25. Re1 Qf7 26. Rxe8+ Bxe8 27. Nc2 Qe7 28. Ne3 Bf7 29. Qb2 Nh5 30. b5 Nc5 31. Qd2 Nb3 32. Qd3 Nc1 33. Qd2 Bxc3 34. Qxc1 Bd4 35. bxc6 bxc6 36. f4 Nxg3 37. Qd2 Bxe3 38. Bxe3 c5 39. Bf2 Nf5 40. Bd5 Bxd5 41. Qxd5+ Qf7 42. Qd3 Qe6 43. Kg2 h5 44. Kg1 Kf7 45. Kg2 Ne7 46. Qc2 Ng8 47. Bh4 Nh6 48. Qa2 Nf5 49. Qa7+ Kg8 50. Qb8+ Kg7 51. Qc7+ Qf7 52. Qxf7+ Kxf7 53. Bf2 Ke6 54. Kf3 d5 55. Bxc5 dxc4 56. Ke4 Ng3+ 57. Kd4 Kf5 58. Bd6 c3 59. Kd3 Ne4 60. Bc7 Nf2+ 61. Kxc3 Nxh3 62. Kd3 Nxf4+ 0-1

[Event "CZE-chT2F 1718"]
[Site "Czech Republic"]
[Date "2017.12.17"]
[Round "5.6"]
[White "Potomak, Vladimir"]
[Black "Blecha, Zdenek"]
[Result "1-0"]
[WhiteElo "2154"]
[BlackElo "1896"]
[PlyCount "49"]
[EventDate "2017.10.15"]
[EventType "team-tourn"]
[EventRounds "11"]
[EventCountry "CZE"]
[SourceTitle "EXT 2022"]
[Source "ChessBase"]
[SourceDate "2021.10.06"]
[SourceVersion "1"]
[SourceVersionDate "2021.10.06"]
[SourceQuality "1"]
[WhiteTeam "Poruba Slavoj II"]
[BlackTeam "Frydek Mistek III"]
[WhiteTeamCountry "CZE"]
[BlackTeamCountry "CZE"]

1. c4 e6 2. d4 d5 3. Nc3 Nf6 4. Bg5 Be7 5. e3 0-0 6. Nf3 b6 7. Qc2 Bb7 8. cxd5 Nxd5 9. Bxe7 Qxe7 10. Nxd5 exd5 11. Bd3 g6 12. 0-0 c5 13. b3 Nd7 14. Qe2 cxd4 15. Nxd4 Nc5 16. Bb5 Rac8 17. Qb2 Ne6 18. Rfd1 Rc7 19. Rac1 Rfc8 20. Rxc7 Rxc7 21. g3 Ng5 22. Bf1 Qf6 23. Bg2 Ne4 24. Bxe4 dxe4 25. Ne6 1-0

[Event "CZE-chT2F 1516"]
[Site "Czech Republic"]
[Date "2016.03.13"]
[Round "9.25"]
[White "Potomak, Vladimir"]
[Black "Zimniok, Lubomir"]
[Result "1/2-1/2"]
[WhiteElo "2158"]
[BlackElo "2087"]
[PlyCount "82"]
[EventDate "2015.10.18"]
[EventType "team-tourn"]
[EventRounds "11"]
[EventCountry "CZE"]
[SourceTitle "EXT 2022"]
[Source "ChessBase"]
[SourceDate "2021.10.06"]
[SourceVersion "1"]
[SourceVersionDate "2021.10.06"]
[SourceQuality "1"]
[WhiteTeam "Poruba Slavoj II"]
[BlackTeam "Cesky Tesin"]
[WhiteTeamCountry "CZE"]
[BlackTeamCountry "CZE"]

1. c4 Nf6 2. d4 d6 3. Nf3 Bf5 4. Nc3 c6 5. g3 Nbd7 6. Bg2 e5 7. h3 h6 8. Be3 Be7 9. Qb3 Qc7 10. c5 dxc5 11. dxe5 Be6 12. Qa4 Nd5 13. Bd2 0-0 14. Qe4 Rae8 15. 0-0 Bd8 16. Rac1 Nxc3 17. Bxc3 Qb8 18. Rfd1 Bc7 19. Rd2 Bd5 20. Qc2 Bxf3 21. exf3 Nxe5 22. Bxe5 Rxe5 23. f4 Re6 24. Qxc5 Bb6 25. Qc3 Rd8 26. Rcd1 Red6 27. Rxd6 Rxd6 28. Rxd6 Qxd6 29. Qe1 Kf8 30. b3 Qc5 31. Qd2 Qd4 32. Qxd4 Bxd4 33. Kf1 Ke7 34. Be4 Kd6 35. Ke2 b5 36. f3 a5 37. Kd3 Bg1 38. g4 Bh2 39. f5 Bf4 40. h4 Bg3 41. h5 Bf4 1/2-1/2

[Event "CZE-chT2F 1415"]
[Site "Czech Republic"]
[Date "2015.03.15"]
[Round "9.28"]
[White "Hurta, Jiri"]
[Black "Potomak, Vladimir"]
[Result "1/2-1/2"]
[WhiteElo "1798"]
[BlackElo "2179"]
[PlyCount "67"]
[EventDate "2014.11.02"]
[EventType "team-tourn"]
[EventRounds "11"]
[EventCountry "CZE"]
[SourceTitle "EXT 2022"]
[Source "ChessBase"]
[SourceDate "2021.10.06"]
[SourceVersion "1"]
[SourceVersionDate "2021.10.06"]
[SourceQuality "1"]
[WhiteTeam "Ostrava Labortech II"]
[BlackTeam "Poruba Slavoj II"]
[WhiteTeamCountry "CZE"]
[BlackTeamCountry "CZE"]

1. Nf3 Nf6 2. g3 g6 3. Bg2 Bg7 4. 0-0 0-0 5. c4 d6 6. Nc3 e5 7. d4 Nbd7 8. Bg5 h6 9. Be3 Ng4 10. h3 Nxe3 11. fxe3 f5 12. e4 fxe4 13. Nh4 Rxf1+ 14. Qxf1 exd4 15. Nd5 Ne5 16. Bxe4 c6 17. e3 dxe3 18. Nxe3 Qg5 19. Qf4 Bxh3 20. Qxg5 hxg5 21. Nxg6 Re8 22. Re1 Nxg6 23. Bxg6 Re6 24. Bh5 Bxb2 25. Kh2 Bf5 26. Rf1 Bg6 27. Bxg6 Rxg6 28. Rb1 Re6 29. Rxb2 Rxe3 30. Rxb7 Rc3 31. Rxa7 Rxc4 32. a4 d5 33. a5 d4 34. a6 1/2-1/2

[Event "CZE-chT2F 1314"]
[Site "Czech Republic"]
[Date "2014.02.16"]
[Round "8.66"]
[White "Bednarik, Josef"]
[Black "Potomak, Vladimir"]
[Result "0-1"]
[WhiteElo "1876"]
[BlackElo "2161"]
[PlyCount "48"]
[EventDate "2013.11.03"]
[EventType "team-tourn"]
[EventRounds "11"]
[EventCountry "CZE"]
[SourceTitle "EXT 2016"]
[Source "ChessBase"]
[SourceDate "2015.10.08"]
[SourceVersion "1"]
[SourceVersionDate "2015.10.08"]
[SourceQuality "1"]
[WhiteTeam "Hostalkova"]
[BlackTeam "Poruba VOKD"]
[WhiteTeamCountry "CZE"]
[BlackTeamCountry "CZE"]

1. e4 c5 2. Nf3 e6 3. d4 cxd4 4. Nxd4 a6 5. c4 Nf6 6. Bd3 Nc6 7. Nxc6 dxc6 8. 0-0 e5 9. Nc3 Bc5 10. Qc2 Be6 11. b3 Qe7 12. Bb2 Rd8 13. Na4 Bd4 14. c5 0-0 15. Rac1 Nh5 16. Bxd4 Rxd4 17. Rfd1 Rfd8 18. Nb6 Qg5 19. Kh1 g6 20. Bf1 Rd2 21. Qb1 Bg4 22. f3 Bxf3 23. gxf3 Ng3+ 24. hxg3 Qh6+ 0-1

[Event "CZE-chT2F 1213"]
[Site "Czech Republic"]
[Date "2013.02.17"]
[Round "9.46"]
[White "Trombik, Karel"]
[Black "Potomak, Vladimir"]
[Result "1/2-1/2"]
[WhiteElo "2044"]
[BlackElo "2222"]
[PlyCount "63"]
[EventDate "2012.10.14"]
[EventType "team-tourn"]
[EventRounds "11"]
[EventCountry "CZE"]
[SourceTitle "EXT 2016"]
[Source "ChessBase"]
[SourceDate "2015.10.08"]
[SourceVersion "1"]
[SourceVersionDate "2015.10.08"]
[SourceQuality "1"]
[WhiteTeam "Orlova Slavia II"]
[BlackTeam "Poruba VOKD"]
[WhiteTeamCountry "CZE"]
[BlackTeamCountry "CZE"]

1. b3 Nf6 2. Bb2 d6 3. d4 Nbd7 4. Nf3 g6 5. Nbd2 Bg7 6. e3 0-0 7. Be2 b6 8. c4 Bb7 9. 0-0 Re8 10. Qc2 c6 11. Rfd1 e5 12. dxe5 dxe5 13. Ng5 h6 14. Nge4 Qc7 15. Nxf6+ Nxf6 16. Bf3 Rad8 17. Rac1 c5 18. Bxb7 Qxb7 19. Nb1 Qe7 20. Nc3 Rxd1+ 21. Rxd1 Rd8 22. h3 Rd7 23. Nd5 Nxd5 24. cxd5 e4 25. Bxg7 Kxg7 26. Qc3+ Qf6 27. Qc4 Qe5 28. a4 f5 29. a5 Rd6 30. axb6 axb6 31. b4 cxb4 32. Qxb4 1/2-1/2

[Event "CZE-chT2F 1213"]
[Site "Czech Republic"]
[Date "2012.12.16"]
[Round "5.65"]
[White "Potomak, Vladimir"]
[Black "Brazdil, Roman"]
[Result "1/2-1/2"]
[WhiteElo "2222"]
[BlackElo "2108"]
[PlyCount "78"]
[EventDate "2012.10.14"]
[EventType "team-tourn"]
[EventRounds "11"]
[EventCountry "CZE"]
[SourceTitle "EXT 2016"]
[Source "ChessBase"]
[SourceDate "2015.10.08"]
[SourceVersion "1"]
[SourceVersionDate "2015.10.08"]
[SourceQuality "1"]
[WhiteTeam "Poruba VOKD"]
[BlackTeam "Postoupky"]
[WhiteTeamCountry "CZE"]
[BlackTeamCountry "CZE"]

1. c4 Nf6 2. d4 e6 3. Nf3 d5 4. Bg5 Nbd7 5. Nc3 c6 6. e3 Qa5 7. Nd2 Bb4 8. Qc2 0-0 9. Be2 dxc4 10. Bxf6 Nxf6 11. Nxc4 Bxc3+ 12. bxc3 Qc7 13. 0-0 b6 14. a4 Ba6 15. Rfc1 Bxc4 16. Bxc4 c5 17. Qe2 Rfd8 18. g3 Qe7 19. f4 g6 20. a5 h5 21. axb6 axb6 22. Qf3 Rxa1 23. Rxa1 cxd4 24. exd4 Qc7 25. Bf1 Nd5 26. c4 Nf6 27. Ra8 Rxa8 28. Qxa8+ Kh7 29. Qa1 Ng4 30. Qc3 Qa7 31. h3 Nf6 32. Bg2 Qa2 33. d5 Qb1+ 34. Kh2 Ne4 35. Qe5 exd5 36. cxd5 f5 37. g4 Qe1 38. Qe7+ Kg8 39. Qe6+ Kg7 1/2-1/2

[Event "CZE-chT2F 1112"]
[Site "Czech Republic"]
[Date "2012.01.22"]
[Round "6.46"]
[White "Potomak, Vladimir"]
[Black "Kolar, Stanislav"]
[Result "0-1"]
[WhiteElo "2216"]
[BlackElo "2050"]
[PlyCount "48"]
[EventDate "2011.10.09"]
[EventType "team-tourn"]
[EventRounds "11"]
[EventCountry "CZE"]
[SourceTitle "EXT 2013"]
[Source "ChessBase"]
[SourceDate "2012.11.22"]
[SourceVersion "1"]
[SourceVersionDate "2012.11.22"]
[SourceQuality "1"]
[WhiteTeam "Poruba VOKD"]
[BlackTeam "Havirov"]
[WhiteTeamCountry "CZE"]
[BlackTeamCountry "CZE"]

1. c4 e5 2. Nc3 Nf6 3. g3 Nc6 4. Bg2 d5 5. Nxd5 Bc5 6. d3 0-0 7. e3 Be6 8. Nxf6+ Qxf6 9. Ne2 Rfd8 10. a3 Bf5 11. Nc3 Rxd3 12. Qe2 Rd7 13. b4 Bd3 14. Qg4 Bxb4 15. axb4 Nxb4 16. Nd5 Nc2+ 17. Kd2 Bf5 18. Qe2 Nxa1 19. Kc3 Qa6 20. e4 Be6 21. Nb4 Qa5 22. Qa2 Rd3+ 23. Kxd3 Qxb4 24. Qxa1 Bxc4+ 0-1

[Event "CZE-chT1E 1011"]
[Site "Czech Republic"]
[Date "2011.04.03"]
[Round "11"]
[White "Karasek, Lukas"]
[Black "Potomak, Vladimir"]
[Result "0-1"]
[WhiteElo "2183"]
[BlackElo "2232"]
[PlyCount "108"]
[EventDate "2010.10.10"]
[EventType "team-tourn"]
[EventRounds "11"]
[EventCountry "CZE"]
[SourceTitle "EXT 2012"]
[Source "ChessBase"]
[SourceDate "2011.11.24"]
[SourceVersion "1"]
[SourceVersionDate "2011.11.24"]
[SourceQuality "1"]
[WhiteTeam "Jihlava Gordic"]
[BlackTeam "Poruba Slavoj"]
[WhiteTeamCountry "CZE"]
[BlackTeamCountry "CZE"]

1. e4 c5 2. Nf3 e6 3. d4 cxd4 4. Nxd4 a6 5. Bd3 Nf6 6. 0-0 Qc7 7. c4 Nc6 8. Nxc6 dxc6 9. Be3 e5 10. f3 Nd7 11. Nc3 Bc5 12. Qd2 Qb6 13. Rae1 Bxe3+ 14. Rxe3 Nc5 15. f4 exf4 16. Rxf4 Be6 17. Bf1 a5 18. Kh1 Qc7 19. e5 f5 20. Rd4 0-0 21. Re1 Rad8 22. Rd6 b6 23. Qf4 Rfe8 24. Be2 Nb7 25. Rdd1 Rxd1 26. Bxd1 Rd8 27. Bc2 g6 28. b3 b5 29. Ne2 Qb6 30. cxb5 cxb5 31. Rd1 Rxd1+ 32. Bxd1 Nc5 33. Bc2 Qb7 34. Qd4 Qd5 35. Qe3 Nd7 36. Nf4 Qc5 37. Qe2 Kf7 38. Nd3 Qd4 39. Bd1 Bd5 40. h3 Be4 41. Nf2 Qxe5 42. Nxe4 fxe4 43. Qd2 Nf6 44. Qxa5 e3 45. Bf3 Nh5 46. Qe1 Ng3+ 47. Kg1 h5 48. a4 bxa4 49. bxa4 h4 50. a5 Qd4 51. Kh2 Nf5 52. a6 Qd6+ 53. Kg1 Qxa6 54. Bg4 Ng3 0-1

[Event "CZE-chT1E 1011"]
[Site "Czech Republic"]
[Date "2011.01.30"]
[Round "7.7"]
[White "Potomak, Vladimir"]
[Black "Kapusta, Petr"]
[Result "1/2-1/2"]
[WhiteElo "2232"]
[BlackElo "2172"]
[PlyCount "94"]
[EventDate "2010.10.10"]
[EventType "team-tourn"]
[EventRounds "11"]
[EventCountry "CZE"]
[SourceTitle "EXT 2012"]
[Source "ChessBase"]
[SourceDate "2011.11.24"]
[SourceVersion "1"]
[SourceVersionDate "2011.11.24"]
[SourceQuality "1"]
[WhiteTeam "Poruba Slavoj"]
[BlackTeam "Zlin II"]
[WhiteTeamCountry "CZE"]
[BlackTeamCountry "CZE"]

1. c4 Nf6 2. d4 g6 3. Nf3 Bg7 4. g3 0-0 5. Bg2 d6 6. 0-0 Nbd7 7. Nc3 e5 8. e4 Re8 9. Re1 a5 10. h3 b6 11. Be3 Ba6 12. b3 Qc8 13. Qc2 Qb7 14. a3 Rad8 15. Kh2 a4 16. Nxa4 Qxe4 17. Qxe4 Nxe4 18. dxe5 Nxe5 19. Nxe5 Bxe5 20. Rad1 f5 21. Bxe4 fxe4 22. Bd4 b5 23. Nc3 bxc4 24. Bxe5 Rxe5 25. Nxe4 Kg7 26. f4 Re7 27. Ng5 Rde8 28. Rxe7+ Rxe7 29. bxc4 Re2+ 30. Kg1 Bxc4 31. Rc1 d5 32. Rc3 c6 33. Nf3 Bb5 34. Nd4 Re1+ 35. Kf2 Rf1+ 36. Kg2 Rd1 37. Nxb5 cxb5 38. Rb3 d4 39. Rxb5 Rd2+ 40. Kf1 Rd3 41. Kf2 Rxa3 42. Rb7+ Kf6 43. Rd7 Ra2+ 44. Kf3 Ra3+ 45. Kf2 Ra2+ 46. Kf3 Ra3+ 47. Kf2 Ra2+ 1/2-1/2

[Event "CZE-chT2F 1011"]
[Site "Czech Republic"]
[Date "2010.11.21"]
[Round "3.6"]
[White "Holeksa, Milos"]
[Black "Potomak, Vladimir"]
[Result "1/2-1/2"]
[WhiteElo "2099"]
[BlackElo "2232"]
[PlyCount "141"]
[EventDate "2010.10.17"]
[EventType "team-tourn"]
[EventRounds "11"]
[EventCountry "CZE"]
[SourceTitle "EXT 2012"]
[Source "ChessBase"]
[SourceDate "2011.11.24"]
[SourceVersion "1"]
[SourceVersionDate "2011.11.24"]
[SourceQuality "1"]
[WhiteTeam "Havirov"]
[BlackTeam "Poruba VOKD"]
[WhiteTeamCountry "CZE"]
[BlackTeamCountry "CZE"]

1. e4 c5 2. Nf3 e6 3. d4 cxd4 4. Nxd4 a6 5. Bd3 Nf6 6. 0-0 Qc7 7. Kh1 Nc6 8. Nb3 d5 9. Nc3 dxe4 10. Nxe4 Be7 11. Nbc5 Nb4 12. Nxf6+ Bxf6 13. Ne4 Be7 14. Bg5 Nxd3 15. Bxe7 Qxe7 16. Qxd3 0-0 17. Rfd1 b5 18. Nd6 Bb7 19. Nxb7 Qxb7 20. b3 Qb6 21. Qd4 Qc7 22. c4 Rfd8 23. Qc3 Qc5 24. Kg1 h6 25. Qa5 Rxd1+ 26. Rxd1 Qc6 27. Rd8+ Rxd8 28. Qxd8+ Kh7 29. Qd3+ g6 30. g3 h5 31. h4 Qc5 32. Qf3 Kg7 33. Kg2 bxc4 34. Qc3+ Kf8 35. bxc4 Ke7 36. Kf3 e5 37. Qb3 Ke6 38. Qa4 Qd6 39. Kg2 Qb6 40. Qe8+ Kf6 41. Qh8+ Ke6 42. Qc8+ Kd6 43. Qf8+ Ke6 44. Qe8+ Kf6 45. Qd7 Qc5 46. Qa4 Qb6 47. a3 Ke6 48. Qe8+ Kf6 49. Qc8 Qd6 50. a4 e4 51. Qb7 Qe6 52. c5 Kg7 53. Qb2+ Kh7 54. Qd4 Qc6 55. Kh2 Kg8 56. a5 Kf8 57. Qd8+ Kg7 58. Qb6 Qd5 59. c6 Qc4 60. Kg1 Qc1+ 61. Kg2 Qc4 62. Kg1 Qc1+ 63. Kh2 Qc4 64. Qb2+ Kh7 65. Qf6 Kg8 66. Kg2 Qc2 67. Kh3 Qc4 68. Kg2 Qc2 69. Kh3 Qc4 70. Kh2 Qc2 71. Kg1 1/2-1/2

[Event "CZE-chT2F 1011"]
[Site "Czech Republic"]
[Date "2010.11.07"]
[Round "2.5"]
[White "Nabelek, Marek"]
[Black "Potomak, Vladimir"]
[Result "1-0"]
[WhiteElo "2210"]
[BlackElo "2232"]
[PlyCount "81"]
[EventDate "2010.10.17"]
[EventType "team-tourn"]
[EventRounds "11"]
[EventCountry "CZE"]
[SourceTitle "EXT 2012"]
[Source "ChessBase"]
[SourceDate "2011.11.24"]
[SourceVersion "1"]
[SourceVersionDate "2011.11.24"]
[SourceQuality "1"]
[WhiteTeam "Opava"]
[BlackTeam "Poruba VOKD"]
[WhiteTeamCountry "CZE"]
[BlackTeamCountry "CZE"]

1. e4 c5 2. Nc3 e6 3. f4 a6 4. a4 Nc6 5. Nf3 d5 6. d3 Nge7 7. g3 g6 8. Bg2 Bg7 9. 0-0 0-0 10. Qe1 Rb8 11. Nd1 b6 12. Ne3 f5 13. e5 b5 14. axb5 axb5 15. Bd2 d4 16. Nd1 b4 17. b3 Nd5 18. Nb2 Nb6 19. Qe2 Bb7 20. h4 Qd7 21. h5 Ra8 22. hxg6 hxg6 23. Rae1 Ne7 24. Ng5 Bxg2 25. Qxg2 Bh6 26. Nf3 Ra2 27. Bc1 Ned5 28. Qh1 Kg7 29. Rf2 Rh8 30. Rh2 Raa8 31. Kf2 Ra1 32. Nc4 Nxc4 33. bxc4 Ne7 34. Qg2 Qa4 35. Kg1 Ra2 36. Re2 Ra1 37. Re1 Rb8 38. Qh3 Ng8 39. g4 Kf8 40. Nh4 Bxf4 41. Nxg6+ 1-0

[Event "CZE-chT1E 1011"]
[Site "Czech Republic"]
[Date "2010.10.24"]
[Round "2.7"]
[White "Zwardon, Vojtech"]
[Black "Potomak, Vladimir"]
[Result "1-0"]
[WhiteElo "2209"]
[BlackElo "2232"]
[PlyCount "69"]
[EventDate "2010.10.10"]
[EventType "team-tourn"]
[EventRounds "11"]
[EventCountry "CZE"]
[SourceTitle "EXT 2012"]
[Source "ChessBase"]
[SourceDate "2011.11.24"]
[SourceVersion "1"]
[SourceVersionDate "2011.11.24"]
[SourceQuality "1"]
[WhiteTeam "Karvina"]
[BlackTeam "Poruba Slavoj"]
[WhiteTeamCountry "CZE"]
[BlackTeamCountry "CZE"]

1. f4 Nf6 2. Nf3 g6 3. g3 Bg7 4. Bg2 0-0 5. 0-0 c5 6. d3 d5 7. Qe1 Nc6 8. e4 b6 9. e5 Ne8 10. Nc3 Nc7 11. a4 Rb8 12. Qf2 d4 13. Ne4 f5 14. Ned2 a6 15. Nc4 Nd5 16. Bd2 Ndb4 17. Bxb4 Nxb4 18. Qd2 Be6 19. c3 dxc3 20. bxc3 Nxd3 21. Ne3 Kh8 22. Rfd1 c4 23. Nd4 Bg8 24. Nc6 Qc7 25. Nxb8 Rxb8 26. Nc2 g5 27. Nd4 gxf4 28. gxf4 Bh6 29. Rf1 Qxe5 30. Qxd3 Bxf4 31. Qxf5 Be3+ 32. Kh1 Bxd4 33. cxd4 Qxd4 34. Rad1 Qg7 35. Be4 1-0

[Event "CZE-chT1E 0910"]
[Site "Czech Republic"]
[Date "2010.04.11"]
[Round "11.7"]
[White "Potomak, Vladimir"]
[Black "Kosek, Jiri"]
[Result "1-0"]
[WhiteElo "2198"]
[BlackElo "2110"]
[PlyCount "61"]
[EventDate "2009.11.15"]
[EventType "team-tourn"]
[EventRounds "11"]
[EventCountry "CZE"]
[SourceTitle "EXT 2011"]
[Source "ChessBase"]
[SourceDate "2010.11.26"]
[SourceVersion "1"]
[SourceVersionDate "2010.11.26"]
[SourceQuality "1"]
[WhiteTeam "Poruba"]
[BlackTeam "Vysoke Myto"]
[WhiteTeamCountry "CZE"]
[BlackTeamCountry "CZE"]

1. c4 Nf6 2. d4 e6 3. Nf3 d5 4. Bg5 c6 5. Nc3 dxc4 6. e4 b5 7. e5 h6 8. Bh4 g5 9. Nxg5 hxg5 10. Bxg5 Nbd7 11. exf6 Bb7 12. g3 Qb6 13. Bg2 0-0-0 14. 0-0 Bh6 15. Bxh6 Rxh6 16. Ne4 c5 17. Qf3 Bxe4 18. Qxe4 cxd4 19. a4 Nc5 20. Qf4 Rh5 21. Qg4 Rf5 22. axb5 Rxf6 23. Ra3 Qxb5 24. Rxa7 Nb3 25. Qe4 Qd5 26. Qb1 Qc5 27. Qa2 Rd6 28. Qa4 Kd8 29. Ra8+ Kc7 30. Qe8 Rd5 31. Rc8+ 1-0

[Event "CZE-chT2F 0910"]
[Site "Czech Republic"]
[Date "2010.02.28"]
[Round "8.5"]
[White "Kalivoda, Jiri"]
[Black "Potomak, Vladimir"]
[Result "1/2-1/2"]
[WhiteElo "2138"]
[BlackElo "2198"]
[PlyCount "126"]
[EventDate "2009.10.18"]
[EventType "team-tourn"]
[EventRounds "11"]
[EventCountry "CZE"]
[SourceTitle "EXT 2012"]
[Source "ChessBase"]
[SourceDate "2011.11.24"]
[SourceVersion "1"]
[SourceVersionDate "2011.11.24"]
[SourceQuality "1"]
[WhiteTeam "Dobra"]
[BlackTeam "Poruba VOKD"]
[WhiteTeamCountry "CZE"]
[BlackTeamCountry "CZE"]

1. c4 Nf6 2. Nc3 g6 3. e4 d6 4. g3 Bg7 5. Bg2 0-0 6. Nge2 c5 7. 0-0 Nc6 8. d3 Ne8 9. f4 f5 10. Rb1 a5 11. h3 Nc7 12. Be3 Nd4 13. Bxd4 cxd4 14. Nd5 Na6 15. Qb3 Nc5 16. Qb6 e6 17. Qxd8 Rxd8 18. Nb6 Rb8 19. exf5 gxf5 20. Rbd1 Bd7 21. Nxd7 Rxd7 22. g4 Rf8 23. Ng3 Kh8 24. gxf5 exf5 25. Rfe1 h6 26. Bd5 b6 27. Rd2 Rc7 28. Kg2 Bf6 29. Kf3 Bh4 30. Ree2 Bxg3 31. Kxg3 Kg7 32. Kh4 Kf6 33. Rg2 Rg7 34. Rxg7 Kxg7 35. Kh5 Kf6 36. Re2 Rh8 37. b3 Rh7 38. a3 Re7 39. Rxe7 Kxe7 40. Kg6 Nxd3 41. Kxf5 Nf2 42. Kg6 Nxh3 43. f5 Kf8 44. Kxh6 d3 45. Bf3 Kf7 46. Kh5 d2 47. Kg4 Nf2+ 48. Kf4 d1Q 49. Bxd1 Nxd1 50. Ke4 Ke7 51. f6+ Kxf6 52. Kd5 Ke7 53. Kc6 a4 54. b4 Nb2 55. c5 dxc5 56. bxc5 bxc5 57. Kxc5 Ke6 58. Kd4 Nd1 59. Kc4 Kd6 60. Kb4 Nb2 61. Kc3 Nd1+ 62. Kb4 Nb2 63. Kc3 Nd1+ 1/2-1/2

[Event "CZE-chT1E 0910"]
[Site "Czech Republic"]
[Date "2009.10.25"]
[Round "2.8"]
[White "Kvicala, Miroslav"]
[Black "Potomak, Vladimir"]
[Result "0-1"]
[WhiteElo "2053"]
[BlackElo "2198"]
[PlyCount "158"]
[EventDate "2009.11.15"]
[EventType "team-tourn"]
[EventRounds "11"]
[EventCountry "CZE"]
[SourceTitle "EXT 2011"]
[Source "ChessBase"]
[SourceDate "2010.11.26"]
[SourceVersion "1"]
[SourceVersionDate "2010.11.26"]
[SourceQuality "1"]
[WhiteTeam "Trinec"]
[BlackTeam "Poruba"]
[WhiteTeamCountry "CZE"]
[BlackTeamCountry "CZE"]

1. d4 Nf6 2. c4 g6 3. Nc3 Bg7 4. e4 d6 5. f3 0-0 6. Be3 Nc6 7. Nge2 a6 8. Qd2 Rb8 9. Rb1 Bd7 10. b4 b5 11. cxb5 axb5 12. Nc1 e5 13. d5 Nd4 14. N1e2 Nxe2 15. Bxe2 Nh5 16. 0-0 Nf4 17. Kh1 f5 18. Bd1 Nh5 19. Bc2 Rf7 20. Bd3 Kh8 21. Qe2 Qe8 22. Qd2 Qf8 23. Kg1 Nf4 24. Ne2 Nxd3 25. Qxd3 Bh6 26. Qd2 Bxe3+ 27. Qxe3 Ra8 28. a3 Qb8 29. Rfc1 Be8 30. Rc3 Ra6 31. Rbc1 Qb7 32. Kh1 Qb8 33. Ng1 Qa8 34. Nh3 f4 35. Qd2 Kg7 36. Nf2 Ra7 37. R1c2 g5 38. Qc1 h5 39. h3 Kh7 40. Kg1 Qb8 41. Kf1 Qb6 42. Ke2 Kg7 43. Kf1 Kg8 44. Ke2 Kf8 45. Kf1 Rb7 46. Ke2 Rd7 47. Kf1 Ke7 48. Ke2 Kd8 49. Kf1 Rg7 50. Ke2 Ra7 51. Qh1 Bd7 52. Qh2 Kc8 53. Qh1 Kb8 54. Kd1 Qa6 55. Kc1 Qc8 56. Kb2 Qa6 57. Qa1 Rg8 58. Qc1 Rc8 59. Qa1 Ka8 60. Kc1 Qb6 61. Kb2 Be8 62. Qc1 Kb8 63. Kb3 Qa6 64. Kb2 c5 65. dxc6 Rxc6 66. Kb1 Rxc3 67. Rxc3 Bd7 68. Nd3 Qb6 69. Qd2 Qd4 70. Kc2 Be6 71. Ne1 Bc4 72. Nd3 g4 73. hxg4 hxg4 74. Qe1 gxf3 75. gxf3 Rc7 76. Qd2 Rh7 77. Ne1 Rh1 78. Nd3 Qg1 79. Nc1 Rh2 0-1

[Event "CZE-chT1E 0910"]
[Site "Czech Republic"]
[Date "2009.10.10"]
[Round "4.8"]
[White "Zimniok, Lubomir"]
[Black "Potomak, Vladimir"]
[Result "1-0"]
[WhiteElo "2086"]
[BlackElo "2198"]
[PlyCount "93"]
[EventDate "2009.11.15"]
[EventType "team-tourn"]
[EventRounds "11"]
[EventCountry "CZE"]
[SourceTitle "EXT 2011"]
[Source "ChessBase"]
[SourceDate "2010.11.26"]
[SourceVersion "1"]
[SourceVersionDate "2010.11.26"]
[SourceQuality "1"]
[WhiteTeam "Karvina"]
[BlackTeam "Poruba"]
[WhiteTeamCountry "CZE"]
[BlackTeamCountry "CZE"]

1. e4 c5 2. Nf3 e6 3. d4 cxd4 4. Nxd4 a6 5. Nc3 Qc7 6. Be2 Nf6 7. 0-0 Nc6 8. Kh1 Bb4 9. Qd3 0-0 10. Bg5 Be7 11. f4 d6 12. Rad1 Rd8 13. Qg3 d5 14. e5 Ne8 15. Bxe7 Nxe7 16. Bd3 Nf5 17. Nxf5 exf5 18. Qg5 h6 19. Qh5 Qc6 20. Rf3 b5 21. Ne2 Qc5 22. Ng3 g6 23. Qxh6 Qf8 24. Qg5 Ng7 25. Qh4 Be6 26. Nf1 Ne8 27. Rh3 Qg7 28. Nd2 Rd7 29. Nf3 f6 30. Nd4 Re7 31. Nxe6 Rxe6 32. Bxf5 gxf5 33. Rg3 fxe5 34. Rxg7+ Nxg7 35. Rxd5 e4 36. Kg1 Rae8 37. Kf2 Rc6 38. c3 Ree6 39. Qd8+ Kh7 40. Rd7 Rg6 41. g3 Rh6 42. h4 Rce6 43. Qg5 e3+ 44. Ke2 Rhg6 45. Qxf5 Kh6 46. Qf8 Rxg3 47. Qh8+ 1-0

[Event "CZE-chT1E 0809"]
[Site "Czech Republic"]
[Date "2009.02.01"]
[Round "7.7"]
[White "Potomak, Vladimir"]
[Black "Stanec, Stanislav"]
[Result "1/2-1/2"]
[WhiteElo "2176"]
[BlackElo "2192"]
[PlyCount "126"]
[EventDate "2008.11.08"]
[EventType "tourn"]
[EventRounds "11"]
[EventCountry "CZE"]
[SourceTitle "EXT 2010"]
[Source "ChessBase"]
[SourceDate "2010.11.25"]
[SourceVersion "1"]
[SourceVersionDate "2010.11.25"]
[SourceQuality "1"]
[WhiteTeam "Poruba Slavoj"]
[BlackTeam "Kromeriz "]
[WhiteTeamCountry "CZE"]
[BlackTeamCountry "CZE"]

1. c4 Nf6 2. d4 g6 3. g3 Bg7 4. Bg2 0-0 5. Nf3 d5 6. cxd5 Qxd5 7. 0-0 c6 8. Nc3 Qa5 9. e4 e6 10. a3 Nbd7 11. b4 Qd8 12. h3 Re8 13. Bf4 Nh5 14. Bg5 Bf6 15. Be3 Bg7 16. e5 Bf8 17. g4 Ng7 18. Ne4 f5 19. exf6 Nxf6 20. Nxf6+ Qxf6 21. Bg5 Qf7 22. Ne5 Qc7 23. Rc1 Be7 24. Be3 Qd8 25. Qb3 Rf8 26. Rcd1 a5 27. Nc4 axb4 28. axb4 Qc7 29. Rc1 Rb8 30. b5 cxb5 31. Qxb5 Bd7 32. Qb6 Bd8 33. Qxc7 Bxc7 34. Ne5 Bxe5 35. dxe5 Rbc8 36. Bxb7 Rb8 37. Rb1 Bc8 38. Be4 Ba6 39. Rfc1 Rxb1 40. Rxb1 Bc4 41. Rb7 Rf7 42. Rb8+ Rf8 43. Rxf8+ Kxf8 44. Bh6 Kf7 45. Bxg7 Kxg7 46. f4 Kf7 47. Kf2 Ke7 48. Kg3 Kf7 49. Kf3 Ke7 50. h4 Bb3 51. Ke2 Bc4+ 52. Kd2 Bf1 53. Ke3 Bc4 54. Bf3 Bb3 55. Be2 Ba2 56. Bd3 Bb3 57. f5 gxf5 58. gxf5 exf5 59. Bxf5 h6 60. Kd4 Bd1 61. Ke4 Bc2+ 62. Kf4 Bd1 63. Bc8 Bb3 1/2-1/2